Hans Zimmer Filmography - Statistics

General Stats
  • This quiz has been taken 37 times
    35 since last reset
  • The average score is 41 of 338
Answer Stats
Type Year Name % Correct
Film Composer 2014 Interstellar
94%
Film Composer 2010 Inception
89%
Short Film Composer 2015 Inception
89%
Film Composer 2008 The Dark Knight
78%
Film Composer 2005 Batman Begins
72%
Film Composer 2021 Dune
67%
Film Composer 2000 Gladiator
67%
Film Composer 2012 The Dark Knight Rises
67%
Film Composer 2024 Dune: Part Two
61%
Film Composer 2017 Dunkirk
61%
Film Composer 1994 The Lion King
56%
Play Composer 1997 The Lion King
56%
Film Composer 2019 The Lion King
56%
Film Composer 2025 F1
50%
Film Composer 2013 Man of Steel
50%
Film Composer 2016 Batman v Superman: Dawn of Justice
39%
Film Composer 2008 Kung Fu Panda
39%
Film Composer 2007 Pirates of the Caribbean: At World's End
39%
Film Composer 2006 Pirates of the Caribbean: Dead Man's Chest
39%
Film Composer 1989 Driving Miss Daisy
33%
Film Composer 2011 Kung Fu Panda 2
33%
Film Composer 2016 Kung Fu Panda 3
33%
Film Composer 2024 Kung Fu Panda 4
33%
Film Composer 2001 Pearl Harbor
33%
TV Documentary Composer 2020 Planet Earth: A Celebration
33%
Documentary Mini-Series Composer 2016 Planet Earth II
33%
Film Composer 1988 Rain Man
33%
Film Composer 1998 The Prince of Egypt
33%
Film Composer 2022 Top Gun: Maverick
33%
Film Composer 2009 Angels & Demons
28%
Film Composer 2001 Black Hawk Down
28%
Film Composer 2021 No Time to Die
28%
Film Composer 2011 Pirates of the Caribbean: On Stranger Tides
28%
Film Composer 2013 Rush
28%
Film Composer 2009 Sherlock Holmes
28%
Film Composer 2014 The Amazing Spider-Man 2
28%
Film Composer 2006 The Da Vinci Code
28%
Film Composer 2006 The Holiday
28%
Film Composer 2003 The Last Samurai
28%
Film Soundtrack Production 2006 The Prestige
28%
Film Composer 1996 The Rock
28%
Film Composer 1998 The Thin Red Line
28%
Film Soundtrack Production 1998 Antz
22%
Film Composer 2017 Blade Runner 2049
22%
Video Game Composer 2009 Call of Duty: Modern Warfare 2
22%
Film Composer 2026 Dune: Part Three
22%
Film Composer 2005 Madagascar
22%
Film Composer 2010 Megamind
22%
Documentary Mini-Series Composer 2023 Planet Earth III
22%
Film Composer 2023 The Creator
22%
Film Composer 2015 The Little Prince
22%
Film Composer 1991 Thelma & Louise
22%
Film Composer 2013 The Lone Ranger
22%
Film Composer 1996 The Preacher's Wife
22%
Film Composer 1992 Toys
22%
TV Show Composer 2015 A.D. - The Bible Continues
17%
Film Composer 1990 Bird on a Wire
17%
Film Composer 1995 Crimson Tide
17%
Film Composer 1994 Drop Zone
17%
Film Composer 2024 Eden
17%
Film Soundtrack Production 1997 Face/Off
17%
Film Composer 2008 Frost/Nixon
17%
Film Composer 2016 Hidden Figures
17%
Film Composer 2016 Inferno
17%
Film Composer 2012 Madagascar 3: Europe's Most Wanted
17%
Film Composer 2008 Madagascar: Escape 2 Africa
17%
Film Composer 2000 Mission: Impossible II
17%
Film Composer 2024 Mufasa: The Lion King
17%
Film Composer 2017 Pirates of the Caribbean: Dead Men Tell No Tales
17%
Documentary Series Composer 2022-2023 Prehistoric Planet
17%
Film Composer 2026 Ramayana: Part 1
17%
Film Composer 2011 Rango
17%
Film Composer 2004 Shark Tale
17%
Film Composer 2011 Sherlock Holmes: A Game of Shadows
17%
Film Composer 2002 Spirit: Stallion of the Cimarron
17%
TV Mini-Series Composer 2013 The Bible
17%
Film Composer 2017 The Boss Baby
17%
Web Series Composer 2016-2023 The Crown
17%
TV Mini-Series Composer 2010 The Pacific
17%
Film Composer 1986 The Wind
17%
Film Composer 1993 True Romance
17%
Film Composer 2020 Wonder Woman 1984
17%
Film Composer 2013 12 Years a Slave
11%
Film Composer 2000 An Everlasting Piece
11%
Film Soundtrack Production 1998 Armageddon
11%
Film Composer 2021 Army of Thieves
11%
Film Composer 1997 As Good as It Gets
11%
Film Composer 1991 Backdraft
11%
Film Soundtrack Production 1993 Batman: Mask of the Phantasm
11%
Film Composer 1995 Beyond Rangoon
11%
Video Game Soundtrack Production 2013 Beyond: Two Souls
11%
Film Composer 1989 Black Rain
11%
Film Composer 2024 Blitz
11%
Documentary Mini-Series Composer 2017 Blue Planet II
11%
Film Composer 1996 Broken Arrow
11%
Film Composer 1988 Burning Secret
11%
Film Composer 1986 Castaway
11%
Film Composer 1999 Chill Factor
11%
Film Composer 1993 Cool Runnings
11%
Film Composer 2019 Dark Phoenix
11%
Film Composer 1990 Days of Thunder
11%
Film Soundtrack Production 2014 Divergent
11%
TV Show Composer 2026 Euphoria
11%
Film Composer 1983 Eureka
11%
TV Mini-Series Composer 1988 First Born
11%
TV Show Composer 1987 Going for Gold
11%
Film Composer 2001 Hannibal
11%
Film Soundtrack Production 2004 House of D
11%
Film Composer 1985 Insignificance
11%
Film Composer 2003 Johnny English
11%
Film Composer 1991 K2
11%
Film Composer 2004 King Arthur
11%
Film Soundtrack Production 2009 Monsters vs. Aliens
11%
Film Composer 1982 Moonlighting
11%
Film Composer 1996 Muppet Treasure Island
11%
Video Game Composer 1996 Muppet Treasure Island
11%
Film Composer 1985 My Beautiful Laundrette
11%
Film Composer 1987 Nightmare at Noon
11%
Film Composer 1995 Nine Months
11%
Film Soundtrack Production 2006 Over the Hedge
11%
Film Composer 1990 Pacific Heights
11%
Film Composer 1988 Paperhouse
11%
Film Composer 1993 Point of No Return
11%
Film Composer 2027 Ramayana: Part 2
11%
Film Soundtrack Production 2017 Rings
11%
Film Soundtrack Production 2020 Scoob!
11%
Documentary Mini-Series Composer 2019 Seven Worlds, One Planet
11%
Video Game Composer 2011 Skylanders: Spyro's Adventure
11%
Film Composer 1984 Story of O: Chapter 2
11%
Film Composer 1984 Success Is the Best Revenge
11%
Film Composer 1988 Taffin
11%
Film Composer 2003 Tears of the Sun
11%
Film Composer 1987 Terminal Exposure
11%
Film Soundtrack Production 2015 Terminator Genisys
11%
Documentary Series Composer 2025 The Americas
11%
TV Show Composer 1994-1995 The Critic
11%
Film Composer 1988 The Fruit Machine
11%
Film Soundtrack Production 2005 The Island
11%
Film Composer TBA The Last Photograph
11%
Film Composer 2005 The Little Polar Bear 2: The Mysterious Island
11%
Film Composer 1992 The Power of One
11%
Film Composer 2002 The Ring
11%
Film Composer 2005 The Ring Two
11%
Film Composer 2000 The Road to El Dorado
11%
TV Show Composer 2017-Present The Simpsons
11%
Film Composer 2007 The Simpsons Movie
11%
Film Composer 2022 The Son
11%
TV Mini-Series Composer 2024 The Tattooist of Auschwitz
11%
Film Composer 2021 The Unforgivable
11%
Film Composer 2004 Thunderbirds
11%
Film Soundtrack Production 2005 Wallace & Gromit: The Curse of the Were-Rabbit
11%
Film Composer 1991 Where Sleeping Dogs Lie
11%
Film Composer 2018 Widows
11%
TV Film Composer 1985 Wild Horses
11%
Film Composer 2014 Winter's Tale
11%
Film Soundtrack Production 2016 13 Hours: The Secret Soldiers of Benghazi
6%
Film Composer 1992 A League of Their Own
6%
Film Soundtrack Production 2005 All the Invisible Children
6%
Short Film Composer 1990 Arcadia
6%
Video Game Composer 2015 Arena of Valor
6%
Film Composer 2023 Are You There God? It's Me, Margaret.
6%
TV Show Soundtrack Production 2021-2022 Around the World in 80 Days
6%
Video Game Composer TBA Ashfall
6%
Film Soundtrack Production 2006 Ask the Dust
6%
Film Composer 2007 August Rush
6%
Film Soundtrack Production 2007 August Rush
6%
Short Documentary Soundtrack Production 2015 Auschwitz
6%
Film Composer 1988 A World Apart
6%
Film Soundtrack Production 2008 Babylon A.D.
6%
Film Soundtrack Production 2007 Bee Movie
6%
Documentary Composer 2018 Believer
6%
TV Show Soundtrack Production 2005 BLOOD+
6%
Film Composer 2013 Brave Miss World
6%
Film Soundtrack Production 2012 Bullet to the Head
6%
Film Composer 1993 Calendar Girl
6%
Film Composer 2015 CHAPPiE
6%
Film Composer 1990 Chicago Joe and the Showgirl
6%
Web Series Composer 2025 Chief of War
6%
Video Game Composer 2011 Crysis 2
6%
Documentary Series Composer 2011 Curiosity
6%
Film Soundtrack Production 2006 Curious George
6%
Film Soundtrack Production 2010 Despicable Me
6%
Film Composer 1989 Diamond Skulls
6%
Video Game Composer 2024 Dragon Age: The Veilguard
6%
Film Soundtrack Production 2004 Ella Enchanted
6%
Film Soundtrack Production 1999 Endurance
6%
Film Composer 2025 Fateh
6%
Video Game Composer 2018 FIFA 19
6%
Film Soundtrack Production 2025 Fixed
6%
Film Composer 1990 Fools of Fortune
6%
Film Composer 2015 Freeheld
6%
Documentary Mini-Series Composer 2022 Frozen Planet II
6%
TV Show Composer 2017-2024 Genius
6%
Film Composer 1990 Green Card
6%
Film Soundtrack Production 2013 Hansel & Gretel: Witch Hunters
6%
Film Composer 2010 Henri 4
6%
Film Soundtrack Production 2010 Henri 4
6%
Film Composer 2020 Hillbilly Elegy
6%
Film Composer 2010 How Do You Know
6%
Film Soundtrack Production 2001 I Am Sam
6%
Film Composer 1994 I'll Do Anything
6%
Film Soundtrack Production 2006 Impy's Island
6%
Film Composer 2001 Invincible
6%
Film Soundtrack Production 2008 Iron Man
6%
Film Composer 2009 It's Complicated
6%
Documentary Composer 2011 Jealous of the Birds
6%
Short Film Composer 2011 Kung Fu Panda: Secrets of the Masters
6%
Short Film Composer 2016 Kung Fu Panda: Secrets of the Scroll
6%
Film Composer 2004 Lauras Stern
6%
TV Film Composer 1993 Lifepod
6%
TV Film Soundtrack Production 2002 Live from Baghdad
6%
TV Show Composer TBA Lord of the Flies
6%
Film Composer 2003 Matchstick Men
6%
Short Film Composer 2011 Megamind: The Button of Doom
6%
Film Soundtrack Production 1992 Memoirs of an Invisible Man
6%
Documentary Mini-Series Composer 1992 Millennium: Tribal Wisdom and the Modern World
6%
Film Composer 2013 Mr. Morgan's Last Love
6%
TV Show Composer 2015-Present Premier Boxing Champions
6%
Film Composer 1988 Prisoner of Rio
6%
Film Composer 1992 Radio Flyer
6%
Documentary Composer 2020 Rebuilding Paradise
6%
Film Composer 1991 Regarding Henry
6%
Film Composer 1994 Renaissance Man
6%
Film Composer 2001 Riding in Cars with Boys
6%
Film Composer 2008 Road to Fame
6%
Documentary Soundtrack Production 2007 Running the Sahara
6%
Short Film Composer 2008 Secrets of the Furious Five
6%
Film Composer 1986 Separate Vacations
6%
TV Show Composer 2000-Present Sesame Street
6%
Film Soundtrack Production 2018 Smallfoot
6%
Film Composer 1997 Smilla's Sense of Sorrow
6%
Film Composer 1993 Sniper
6%
Film Composer 2003 Something's Gotta Give
6%
Film Composer 1995 Something to Talk About
6%
Film Composer 2014 Son of God
6%
TV Mini-Series Composer 2015 Sons of Liberty
6%
TV Show Composer 1993-1994 Space Rangers
6%
Film Composer 2004 Spanglish
6%
Film Soundtrack Production 1994 Speed
6%
Film Soundtrack Production 1997 The Borrowers
6%
Film Composer 2021 The Boss Baby: Family Business
6%
Film Composer 2008 The Burning Plain
6%
Web Series Composer 2022 The Calling
6%
Film Composer 2002 The Country Bears
6%
Film Composer 2011 The Dilemma
6%
Film Soundtrack Production 2016 The Edge of Seventeen
6%
Film Composer 1996 The Fan
6%
Film Composer 1993 The House of the Spirits
6%
Film Composer 1998 The Last Days
6%
Film Soundtrack Production 1987 The Last Emperor
6%
Film Composer 2016 The Last Face
6%
Short Film Composer 2012 The Longest Daycare
6%
Film Composer 1987 The Nature of the Beast
6%
TV Mini-Series Composer 2022 The Night Logan Woke Up
6%
Film Composer 1997 The Peacemaker
6%
Film Composer 2001 The Pledge
6%
Film Soundtrack Production 2020 The Rhythm Section
6%
Theme Park Attraction Soundtrack Production 2022 The Ride to Happiness
6%
Video Game Composer 2007 The Simpsons Game
6%
Film Composer 2020 The SpongeBob Movie: Sponge on the Run
6%
Film Composer 2021 The Survivor
6%
Film Composer 2005 The Weather Man
6%
Film Composer 1996 The Whole Wide World
6%
TV Documentary Appearance 2024 The World of Hans Zimmer
6%
Film Composer 1986 The Zero Boys
6%
Documentary Series Composer 2011-2016 Through the Wormhole
6%
Short Film Composer 1991 To the Moon, Alice
6%
Film Composer 2014 Transformers: Age of Extinction
6%
Film Composer 2009 Transformers: Revenge of the Fallen
6%
Web Series Composer 2024 Twilight of the Gods
6%
Film Composer 1989 Twister
6%
Film Soundtrack Production 1996 Twister
6%
Film Composer 1995 Two Deaths
6%
Film Soundtrack Production 2008 Vantage Point
6%
Short Film Composer 1986 Vardo
6%
TV Mini-Series Composer 2025 Virdee
6%
Film Composer 1991 White Fang
6%
Film Composer 1996 White Squall
6%
Film Soundtrack Production 1996 White Squall
6%
Film Soundtrack Production 1998 With Friends Like These...
6%
Film Composer 2015 Woman in Gold
6%
Film Composer 1993 Younger and Younger
6%
Documentary Series Appearance 2023 60 Minutes
0%
Documentary Composer 2023 Arctic: Our Frozen Planet
0%
Documentary Appearance 2015 Batkid Begins: The Wish Heard Around the World
0%
Short Film Composer 2011 Batman: Night's End
0%
Film Composer 2008 Casi Divas
0%
TV Film Composer 1989 Coemback
0%
TV Show Composer 1999-2000 El Candidato
0%
Film Composer 2021 Ennio
0%
Short Film Composer 2020 Enter the World of Hans Zimmer
0%
Short Film Composer 2016 Expectation
0%
Short Documentary Composer 2018 Founders of Isfahan College of Physics
0%
Short Film Composer 2006 French Bomber Detective
0%
Documentary Appearance 2022 Gary Numan Resurrection
0%
Documentary Appearance 2025 Hans Zimmer & Friends: Diamond in the Desert
0%
TV Documentary Appearance 2011 Hans Zimmer - Der Sound für Hollywood
0%
Documentary Appearance 2022 Hans Zimmer: Hollywood Rebel
0%
TV Special Appearance 2017 Hans Zimmer Live in Prague
0%
Documentary Appearance 2015 Hans Zimmer Revealed: The Documentary
0%
Short Film Composer 2016 Human Connection
0%
Short Film Composer 2010 Inception: The Cobol Job
0%
Short Film Composer 2014 Jack & Iris
0%
TV Show Appearance 2023 Jeopardy!
0%
TV Show Appearance 2023 Jeopardy! Masters
0%
Short Film Composer 2014 Kith & Kin
0%
Documentary Mini-Series Composer 1991 Kom närmare, vi har en dröm
0%
TV Short Composer 2010 Kung Fu Panda Holiday
0%
Film Composer 2004 Laura's Stars
0%
Short Documentary Composer 2015 Les Bosquets
0%
Documentary Appearance 2021 Making Malinche: A Documentary by Nacho Cano
0%
Documentary Appearance 2019 Making Waves: The Art of Cinematic Sound
0%
Documentary Mini-Series Appearance 2017 Masterclass: Hans Zimmer Teaches Film Scoring
0%
TV Show Composer 2000-2001 Motocops
0%
Documentary Composer 2018 Oceans: Our Blue Planet
0%
Film Composer 2018 Oh! Squints III
0%
Short Film Composer 2020 Paralysis
0%
Documentary Appearance 2024 Pioniere der Filmmusik - Europas Sound für Hollywood
0%
Short Film Composer 2011 Pirates of the Caribbean: Tales of the Code - Wedlocked
0%
TV Show Appearance 2014 Saturday Night Live
0%
Documentary Appearance 2016 Score
0%
Documentary Mini-Series Appearance 2016 Soundbreaking: Stories from the Cutting Edge of Recorded Music
0%
Short Film Composer 2011 Standing Up for Freedom
0%
Short Film Composer 1982 Superhero
0%
Documentary Appearance 2016 The Art of Listening
0%
Film Composer 2009 The Boat That Rocked
0%
Short Film Composer 2023 The Calm
0%
Short Film Composer 2010 The Cover-Up
0%
Short Film Composer 2012 The Dawkins Movie
0%
Film Composer 2017 The Road of Love
0%
Film Composer 2014 The Simpsons Take the Bowl
0%
Film Appearance 2014 The Simpsons Take the Bowl
0%
Documentary Appearance 2022 The Sound of 007
0%
Film Appearance 2022 The Sound of 007: Live from the Royal Albert Hall
0%
Documentary Composer 2025 The Tattooist's Son: Journey to Auschwitz
0%
Short Film Composer 2007 Unsound
0%
TV Show Appearance 2002 Wanna Bet?
0%
TV Film Composer 2014 Women of the Bible
0%
No matching quizzes found
Score Distribution
Percent of People with Each Score
Percentile by Number Answered
Your Score History
You have not taken this quiz since the last reset